| 000 | 00544nam a22001457a 4500 | ||
|---|---|---|---|
| 008 | 140820b xxu||||| |||| 00| 0 eng d | ||
| 020 | _a0406095418 | ||
| 050 | _aKD279.3.L39(1915-1916) | ||
| 245 |
_aThe Law Reports of the Incorporated council of Law Reporting(1915-1916): Courts of Probate, Divorce, and Admiralty. / _cedited by Frederick Pollock |
||
| 260 |
_aLondon: _bButterworth & Co. Ltd, _c1915. |
||
| 300 |
_axiv,297p+various pagings _c24cm. |
||
| 440 | _pProbate division 1915 to 1916 | ||
| 800 | _aPollock, Frederick | ||
| 942 |
_2lcc _cBK |
||
| 999 |
_c3602 _d11102 |
||